| 000 | 00522nam a2200229Ia 4500 | ||
|---|---|---|---|
| 008 | 181129s9999 xx 000 0 und d | ||
| 020 | _a9780545019712 | ||
| 050 | _bM978 2006 | ||
| 100 | _aMurphy, Jim | ||
| 245 | 0 | _aDesperate journey / | |
| 245 | 0 | _cby Jim Murphy. | |
| 260 | _aNew York, NY : | ||
| 260 | _bScholastic, | ||
| 260 | _c2006 | ||
| 300 | _a278 pages : | ||
| 300 | _billustrations ; | ||
| 300 | _c19cm. | ||
| 500 | _a860L | ||
| 650 | _aCanal-boats. | ||
| 650 | _aFamilies. | ||
| 700 | _aTitle. | ||
| 999 |
_c360101 _d360101 |
||